| 000 | 00723nam a22001937a 4500 | ||
|---|---|---|---|
| 999 |
_c19555 _d19555 |
||
| 003 | AR-CdUCM | ||
| 008 | 190518b ||||| |||| 00| 0 spa d | ||
| 040 |
_aMUNICIPALIDAD PROVINCIAL DEL CUSCO _cBIBLIOTECA MUNICIPAL DEL CUSCO |
||
| 082 |
_a373.22 / _bF53 |
||
| 100 |
_aFilho, Lourenco _940967 |
||
| 245 | _aIntroducción al estudio de la nueva escuela / | ||
| 260 |
_aBuenos Aires : _bKapelusz, _c1964. |
||
| 300 |
_a294 páginas ; _c20 cm. |
||
| 505 | _aEl movimiento de la escuela nueva y las bases históricas -- Exposición general del tema -- Las bases técnicas y su elaboración: contrición a la biología... | ||
| 650 |
_aEscuela. _91856 |
||
| 650 |
_aPedagogía. _91560 |
||
| 942 |
_2ddc _cLIBROS |
||
| 945 | _awfj | ||